000
00309nam a22001337a 4500
008
170620b xxu||||| |||| 00| 0 eng d
020
_a
9780078259890
041
_a
eng
080
_a
338
100
_a
20
101
_a
SHP
245
_a
CIVICS TODAY CITIZENSHIP ECONOMICS YOU
_c
REMY.R.C
942
_2
udc
_c
BK
999
_c
18323
_d
18323